LEADER 00989nam a2200229 i 4500 001 000000247801 003 CaOOAMICUS 005 20160208000000.0 008 160208s1932 it u000 u ita u 013 $a226706 040 $aSeMil$bita 245 13$aLa leggenda della beata Umiliana de'Cerchi. 260 $aFirenze :$bGiulio Giannini & Figlio,$c1932. 300 $a46 p., [1] c. di tav., ritr. ;$c18 cm. 490 0 $aFiori di letteratura ascetica e mistica ;$v21 600 14$aCerchi, Umiliana : de' .$0(OLS)http://semarc/subject/42780 830 0$aFiori di letteratura ascetica e mistica ;$v21.$0(OLS)http://semarc/title/19183 850 $aSeMil 852 $aSeMil$W1$xVenegono$y1$m5D VIII 11/46$j198147$B198147$CSeMilBibl$Z2$F210723 $81 961 $aLascito: Milani don Felice 996 $6245$aLa leggenda della beata Umiliana de'Cerchi$9(OLS)http://semarc/title/349838 996 $6260$aFirenze :$bGiulio Giannini & Figlio$9(OLS)http://semarc/publisher/33916 LEADER 01191nam a2200253 4500 001 000000345089 003 CaOOAMICUS 005 20210326155325.0 008 210326s2018 it 000 u ita r 020 $a978-88-916301-0-0 040 $aSeMil$bita 110 2 $aCaritas Italiana.$0(OLS)http://semarc/name/3686 245 10$aPovertà in attesa :$brapporto 2018 su povertà e politiche di contrasto in Italia /$cCaritas italiana. 264 1$aSantarcangelo di Romagna (RN) :$bMaggioli,$c2018. 300 $a362 p. ;$c24 cm 490 1 $aLavoro di cura e di comunità ;$v214 650 4$aPovertà - Italia - Rapporti.$0(OLS)http://semarc/subject/32142 830 0$aLavoro di cura e di comunità ;$v214.$0(OLS)http://semarc/title/434200 850 $aSeMil 852 $aSeMil$W1$xVenegono$y1$m3N IV 690$j225809$B236161$CSeMilBibl$Z2$F236161 $81 996 $6020$a978-88-916301-0-0$9(OLS)http://semarc/number/292737 996 $6245$aPovertà in attesa :$brapporto 2018 su povertà e politiche di contrasto in Italia$9(OLS)http://semarc/title/434198 996 $6264$aSantarcangelo di Romagna (RN) :$bMaggioli$9(OLS)http://semarc/publisher/59650